El conflicto de las facultades: en tres partes

Último texto publicado por el mismo Kant en 1798, donde trabaja la cuestión del papel de la filosofía en la Universidad. Con ello reivindica el espíritu crítico de su propia filosofía. En general, el texto postula una estructura universitaria según la naturaleza de las diferentes facultades que la c...

Description complète

Enregistré dans:
Détails bibliographiques
Auteur principal: Kant, Immanuel
Format: Livre
Langue:Undetermined
Publié: Madrid, España Editorial Alianza 2003
Sujets:
Tags: Ajouter un tag
Pas de tags, Soyez le premier à ajouter un tag!

MARC

LEADER 00000nam a2200000Ia 4500
008 170316s9999 xx 000 0 und d
040 |a cru BVZT 
090 |a 100 K-1co 
100 |a Kant, Immanuel 
245 |a El conflicto de las facultades: en tres partes 
260 |a Madrid, España 
260 |b Editorial Alianza 
260 |c 2003 
300 |a 238 páginas 
520 |a Último texto publicado por el mismo Kant en 1798, donde trabaja la cuestión del papel de la filosofía en la Universidad. Con ello reivindica el espíritu crítico de su propia filosofía. En general, el texto postula una estructura universitaria según la naturaleza de las diferentes facultades que la componen, donde se encuentran dos clases: las superiores que son teología, derecho y medicina; y una inferior: la de filosofía, que no responde a ningún orden superior como las otras tres, que respectivamente lo hacen a Dios, al gobierno y al cuerpo. Esta facultad inferior tiene la tarea de verificar en público la validez de las doctrinas que adoptan las otras, dado que única y exclusivamente apela a la razón. Entre otras cuestiones, se analiza la legitimidad e ilegitimidad de ciertos conflictos entre las mismas facultades 
650 |a FILOSOFÍA  |9 5 
650 |a EL CONFLICTO DE LA FACULTAD FILOSÓFICA CON LA TEOLÓGICA 
650 |a EL CONFLICTO DE LA FACULTAD FILOSÓFICA CON LA JURIDICA 
650 |a EL CONFLICTO DE LA FACULTAD FILOSÓFICA CON LA FACULTAD MEDICA 
999 |c 16655  |d 16655 
942 |c SALA  |h 100 K-1co  |2 z